000
00327 a2200109 4500
001
ART_56536
005
20260410162049.0
008
260409a
245
1
0
_a
Habilitación general del Sistema Integral de Recupero (SIR).
100
1
_a
Baldo, Alberto
773
0
_t
Impuestos
_g
- N° 126 (jun. 2022)
_w
REV45175
999
_c
35599
_d
35599